Normal view
MARC view
- Jack, Hugh
Entry Personal Name
001 - CONTROL NUMBER
- control field: 82815
003 - CONTROL NUMBER IDENTIFIER
- control field: NUST
005 - DATE AND TIME OF LATEST TRANSACTION
- control field: 20210928112350.0
008 - FIXED-LENGTH DATA ELEMENTS
- fixed length control field: 210928|| aca||aabn | a|a d
040 ## - CATALOGING SOURCE
- Original cataloging agency: NUST
- Transcribing agency: NUST
100 ## - HEADING--PERSONAL NAME
- Personal name: Jack, Hugh
670 ## - SOURCE DATA FOUND
- Source citation: Work cat.: (NUST)33727: Jack, Hugh., Engineering Design, Planning and Management, 2013.
